000 00424cam a22001337a 4500
008 180718b1979 xxu||||| |||| 00| 0 eng d
082 _aZ212x54 In2t
100 _aIndia. Trombay Fertilizer Commission of Inquiry
245 _aTrombay Fertilizer Commission of Inquiry: report
260 _aNew Delhi
_bThe author
_c1979
300 _a131+p.
500 _aChairman: S. Hussain Zaheer
700 _aZaheer, S. Hussain (Chairman)
999 _c489913
_d489913